| 000 | 00690cam a2200253 4500 | ||
|---|---|---|---|
| 999 |
_c7280 _d7280 |
||
| 001 | 605329 | ||
| 003 | YEEZEN | ||
| 005 | 20220816111546.0 | ||
| 008 | 180821s2018 ch g 000 fdchi d | ||
| 020 |
_a9789864892655 _q(平裝) : _c新臺幣310元 |
||
| 040 |
_aTWNTU _bchi _eccr _c. |
||
| 041 | 1 |
_achi _hkor |
|
| 042 | _anbic | ||
| 066 | _c$1 | ||
| 090 |
_a862.57 _b4944 |
||
| 100 | 1 | _a趙南柱 | |
| 245 | 1 | 0 |
_a82年生的金智英 / _c趙南柱著 ; 尹嘉玄譯 |
| 250 | _a初版 | ||
| 260 |
_a臺北市 _b漫遊者文化 _c2018.05. |
||
| 300 |
_a212面 _c21公分 |
||
| 490 | 0 |
_aFiction小說 _v42. |
|
| 500 | _a譯自: 82년생 김지영 | ||
| 700 | 1 | _a尹嘉玄 | |
| 740 | 0 | _a82년생 김지영 | |
| 830 | 0 |
_aFiction小說 _v42. |
|
| 942 |
_2ccl _cBOOK |
||